The Worlds Most Valuable Soccer Clubs - Statistics

General Stats
  • This quiz has been taken 451 times
    403 since last reset
  • The average score is 14 of 20
Answer Stats
Cost Answer % Correct
$3.44 Bil. Real Madrid
99%
$3.2 Bil. Barcelona
98%
$2.81 Bil. Manchester United
95%
$863 Mil. Manchester City
94%
$1.33 Bil. Arsenal
91%
$868 Mil. Chelsea
91%
$691 Mil. Liverpool
89%
$850 Mil. Juventus
87%
$415 Mil. Paris Saint-Germain
87%
$1.85 Bil. Bayern Munich
84%
$483 Mil. Inter Milan
82%
$514 Mil. Tottenham Hotspurs
77%
$328 Mil. Atletico de Madrid
71%
$856 Mil. AC Milan
59%
$600 Mil. Borussia Dortmund
56%
$307 Mil. AS Roma
53%
$296 Mil. Napoli
53%
$580 Mil. Schalke 04
30%
$347 Mil. Galatasaray
15%
$326 Mil. Hamburg SV
9%
No matching quizzes found
Score Distribution
Percent of People with Each Score
Percentile by Number Answered
Your Score History
You have not taken this quiz since the last reset